000 01111nam0a2200325 4500
001 RU\NLR\bibl\1304915
005 20260409080442.0
010 _a5-93958-034-3
_91000
021 _aRU
_b2008-83899
_94892
035 _a(NLR Aleph) 001290444
090 _a555829
_c555829
100 _a20081209d2007 |||y0rusy50 ca
101 1 _arus
102 _aRU
105 _ay |||||||||
200 1 _aУмирая, чтобы жить
_fДжесси Пенн-Льюис
210 _aНовосибирск
_cПосох
_d2007
215 _a399 с.
_d21
500 _aБиблия
_8rus
_7ca
_3RU\NLR\auth\553047
_92631014
606 1 _aЕвангелизация
_92082319
_3RU\NLR\auth\661258340
686 _aЭ376,0
700 1 _4070
_8rus
_7ca
_aПенн-Льюис
_bД.
_f1861-1927
_gДжесси
_3RU\NLR\auth\7778187
_961115
702 0 _4570
_8rus
_7ca
_aИисус Христос
_3RU\NLR\AUTH\779638
_9119452
801 0 _aRU
_bNLR
_c20081209
_gRCR
801 1 _aRU
_bNLR
_c20081209
942 _cBOOK
980 _aNB